01334cam a2200301 a 450000100100000000500170001000800410002704000250006808200170009310000550011024500910016526000570025630000180031349000770033150000330040850000600044150000190050150400740052050500340059465000300062865000340065865100550069265100550074783000830080204900090088595201210089499900170101500002018620200929170314.0860916s1964 sp 001 0 spa d aDO-SdBNPbspacBNPHU a863.5bF363i1 aFernández Flórez, Wenceslao,d1885-196492240210aImpresiones de un hombre de buena fe :b(1920-1936) /cWenceslao Fernández Flórez. aMadrid, (España) :bEditorial Espasa-Calpe,c1964. av.2 ;c18 cm.1 aAustral. Amarilla: libros póliticos y documentos de la época ;v1343 aIncluye índice de autores. aIncluye referencia biográfica del autor en la solapa. aVolumen extra. aIncluye referencias bibliográficas y notas al pie de las páginas.0 a1. 1914-1919 -- 2. 1920-1936. 4aCuentos españoles93194 4aCrónicas españolas941641 4aEspañaxCortesxCongreso De Los Diputados941642 4aEspañaxPolítica Y Gobiernoy1886-1931.919195 0aAustral. Amarilla: libros póliticos y documentos de la época;v1343941487 aBNGR 001054708MOaGRbGRcCTd2010-07-26iLF1l0o863.5 F363ip20186-10r2020-06-25w2020-06-25y4ZPréstamo en sala c19693d19693